| 000 | nam a22 7a 4500 | ||
|---|---|---|---|
| 999 |
_c26793 _d26793 |
||
| 008 | 170206b xxu||||| |||| 00| 0 eng d | ||
| 050 | _aND1049 .C455R63 1959 | ||
| 100 | _aRoy,Claude | ||
| 245 |
_aZao Wou-ki/ _cClaude Roy |
||
| 260 |
_aNew York : _bGrove press, Inc. , _cc1959 |
||
| 300 |
_a68p. : _bill. ; _c15cm. |
||
| 942 |
_2lcc _cBOOKS _hND1049 .C455R63 1959 |
||